Statistiken für 100 Koreanisch-Vokabeln

Klicken Sie hier um das Quiz zu spielen!

Allgemein

  • Dieses Quiz wurde 49 mal gespielt
  • Das Durchschnittsergebnis liegt bei 29 aus 100

Antwortstatistiken

DeutschKoreanisch% Korrekt
ich나 (na)
83%
du너 (neo)
71%
warum왜 (wae)
66%
1일 (il)
63%
10십 (sib)
63%
11십일 (sib-il)
63%
12십이 (sib-i)
63%
13십삼 (sibsam)
63%
14십사 (sibsa)
63%
15십오 (sib-o)
63%
2이 (i)
63%
3삼 (sam)
63%
4사 (sa)
63%
5오 (o)
63%
6육 (yug)
63%
7칠 (chil)
63%
8팔 (pal)
63%
9구 (gu)
63%
16십육 (sib-yug)
61%
17십칠 (sibchil)
61%
18십팔 (sibpal)
61%
19십구 (sibgu)
61%
20이십 (isib)
61%
wir우리 (uli)
61%
Hallo안녕 (annyeong)
59%
Hallo안녕하세요 (annyeonghaseyo)
56%
er그 (geu)
54%
sie그녀 (geunyeo)
54%
es그것 (geugeos)
49%
wer누구 (nugu)
49%
wie어떻게 (eotteohge)
49%
Guten Tag안녕하세요 (annyeonghaseyo)
46%
wo어디 (eodi)
46%
ihr너희들 (neohuideul)
44%
sie그들 (geudeul)
44%
hier여기 (yeogi)
32%
Liebst du mich?나 사랑해? (na salanghae?)
32%
nicht아니다 (anida)
32%
aber하지만 (hajiman)
29%
was무엇 (mueos)
29%
wie viel?얼마나? (eolmana?)
29%
Ich weiß nicht몰라 (molla)
24%
wann언제 (eonje)
24%
glücklich행복한 (haengboghan)
22%
lieben사랑하다 (salanghada)
22%
0영 (yeong)
20%
dort저기 (jeogi)
20%
wirklich정말로 (jeongmallo)
20%
das그것 (geugeos)
17%
Ich mag dich난 너가 좋아요 (nan neoga joh-ayo)
17%
Ich weiß알아 (al-a)
17%
kommen오다 (oda)
17%
mögen좋아하다 (joh-ahada)
17%
arbeiten일하다 (ilhada)
15%
groß큰 (keun)
15%
schlecht나쁜 (nappeun)
15%
denken생각하다 (saeng-gaghada)
12%
dieses이것 (igeos)
12%
gut좋은 (joh-eun)
12%
Ich mag das nicht난 이게 싫어요 (nan ige silh-eoyo)
12%
links왼쪽 (oenjjog)
12%
rechts오른쪽 (oleunjjog)
12%
schön아름다운 (aleumdaun)
12%
sprechen말하다 (malhada)
12%
warten기다리다 (gidalida)
12%
wie viele?몇개? (myeochgae?)
12%
Wie viel kostet das?얼마에요? (eolma-eyo?)
12%
zuhören듣다 (deudda)
12%
alle모두 (modu)
10%
geben주다 (juda)
10%
klein작은 (jag-eun)
10%
telefonieren전화하다 (jeonhwahada)
10%
und와 (wa)
10%
viele많은 (manh-eun)
10%
weil왜냐하면 (waenyahamyeon)
10%
welches어느 (eoneu)
10%
wissen알다 (alda)
10%
Bis später나중에 보자 (najung-e boja)
7%
finden찾아내다 (chaj-anaeda)
7%
Ich brauche das나 이거 필요해요 (na igeo pil-yohaeyo)
7%
alt늙은 (neulg-eun)
5%
dann그때 (geuttae)
5%
jung젊은 (jeolm-eun)
5%
kurz짧은 (jjalb-eun)
5%
lang긴 (gin)
5%
Mach dir keine Sorgen걱정마 (geogjeongma)
5%
natürlich당연하지 (dang-yeonhaji)
5%
wenige적은 (jeog-eun)
5%
alt오래된 (olaedoen)
2%
falsch틀린 (teullin)
2%
helfen돕다 (dobda)
2%
Ich liebe dich auf사랑해 (salanghae)
2%
legen놓다 (nohda)
2%
nehmen가지고 가다 (gajigo gada)
2%
neu새로운 (saeloun)
2%
oder또는 (ttoneun)
2%
richtig옳은 (olh-eun)
2%
wenn만약 (man-yag)
2%
ok승인 (seung-in)
0%
Pass auf잘지내 (jaljinae)
0%

Verteilung der Resultate

Perzentil nach korrekt beantworteten Fragen

Anzahl Personen mit jedem Resultat

Ihre Resultats-Entwicklung

Sie haben dieses Quiz noch nicht gespielt